| 000 | 00622nam a2200229Ia 4500 | ||
|---|---|---|---|
| 005 | 20260320201941.0 | ||
| 008 | 008 262003s9999 xx 000 0 eng d | ||
| 037 | _aEBOOK | ||
| 040 | _aCRL | ||
| 040 | _beng | ||
| 040 | _cCRL | ||
| 041 | _2eng | ||
| 041 | _aeng | ||
| 084 | _qCRL | ||
| 100 |
_aBoduch _91136398 |
||
| 245 | 0 | _aReact and React Native: Build cross-platform JavaScript applications with native power for the web, desktop, and mobile | |
| 260 | _bIEEE | ||
| 856 | _uhttps://ieeexplore.ieee.org/servlet/opac?bknumber=10163414 | ||
| 942 | _cEBOOK | ||
| 999 |
_c1724454 _d1724454 |
||